[Event "Challenge"]
[Site "http://www.queenalice.com/game.php?id=17609"]
[Date "2005.6.27"]
[Round "-"]
[White "EmiChess"]
[Black "refutor"]
[Result "1-0"]
[WhiteElo "1910"]
[BlackElo "1578"]

1. c4 f5 2. g3 e5 3. Bh3 d6 4. Nf3 Nf6 5. d4 exd4 6. Nxd4 Be7 7. Bxf5 O-O 8. Ne6
Bxe6 9. Bxe6+ Kh8 10. O-O Nbd7 11. Be3 Nc5 12. Bxc5 dxc5 13. Nc3 Qe8 14. Qc2 Qc6
15. Bh3 Rad8 16. Rfd1 Rd6 17. Nb5 Rxd1+ 18. Rxd1 a6 19. Bg2 Qb6 20. Nc3 Qb4 21.
a3 Qb6 22. f4 Rd8 23. Rxd8+ Bxd8 24. e4 Ng4 25. Qd1 1-0

[Event "AUTO-ADV-53"]
[Site "http://www.queenalice.com/game.php?id=18899"]
[Date "2005.7.9"]
[Round "1"]
[White "EmiChess"]
[Black "diego2907"]
[Result "1-0"]
[WhiteElo "2020"]
[BlackElo "1640"]

1. e4 e5 2. Nf3 Nf6 3. Nxe5 Qe7 4. d4 Nxe4 5. Bd3 Nf6 6. O-O d6 7. Nf3 Be6 8.
Re1 Qd7 9. c4 Be7 10. d5 Bg4 11. h3 Bxh3 12. gxh3 Qxh3 13. Ng5 Qh4 14. Nc3 Ng4
15. Qf3 f6 16. Ne6 Na6 17. Nxg7+ Kd8 18. Qg2 Ne5 19. Re4 f5 20. Rxh4 Bxh4 21.
Bxf5 Nc5 22. Bg5+ Bxg5 23. Qxg5# 1-0

[Event "AUTO-ADV-53"]
[Site "http://www.queenalice.com/game.php?id=18900"]
[Date "2005.7.9"]
[Round "1"]
[White "diego2907"]
[Black "EmiChess"]
[Result "0-1"]
[WhiteElo "1701"]
[BlackElo "1954"]

1. e4 c5 2. Bc4 e6 3. Nf3 d5 4. exd5 exd5 5. Be2 Nf6 6. d3 Be7 7. h3 O-O 8. Be3
d4 9. Bd2 Re8 10. O-O Nc6 11. Qc1 Bf5 12. Nh4 Be6 13. c3 Nd5 14. Nf3 Bf5 15. Bg5
Bxg5 16. Nxg5 Rxe2 17. c4 Ne3 18. h4 Nxf1 19. Kxf1 Bxd3 20. Kg1 Nb4 21. Na3 Qf6
22. Nf3 Be4 23. Qf1 Rxb2 24. Nb5 d3 25. Rd1 Re8 26. Nd2 Rxa2 27. Qe1 Bc6 28. Qf1
Re2 29. Nc7 Raxd2 30. Nd5 Nxd5 31. cxd5 Bxd5 32. h5 Rxd1 33. Qxd1 Qxf2+ 0-1

[Event "AUTO-ADV-53"]
[Site "http://www.queenalice.com/game.php?id=18901"]
[Date "2005.7.9"]
[Round "1"]
[White "EmiChess"]
[Black "SGrillo"]
[Result "1/2-1/2"]
[WhiteElo "2021"]
[BlackElo "1521"]

1. e4 e5 2. Nc3 Bb4 3. Nd5 Nc6 4. Nxb4 Nxb4 5. Nf3 d6 6. c3 Nc6 7. d4 exd4 8.
Nxd4 Nxd4 9. Qxd4 Qf6 10. Be3 Qxd4 11. Bxd4 Nf6 12. Bd3 O-O 13. O-O Re8 14. Bxf6
gxf6 15. f4 Kh8 16. Kf2 Bd7 17. Rad1 a6 18. c4 Bc6 19. Rfe1 Kg7 20. g4 Re7 21.
Kf3 Rae8 22. Rd2 b6 23. a3 a5 24. b3 h6 25. Rde2 Bb7 26. a4 c6 27. h4 c5 28. h5
Re6 29. Rd1 Rd8 30. Bc2 Re7 31. Bb1 Kf8 32. Red2 Red7 33. Bc2 Ke7 34. Bd3 Ke8
35. Rh2 Re7 36. Rg2 Kd7 37. Rgd2 Kc7 38. Bb1 Re6 39. Re2 Bc6 1/2-1/2

[Event "AUTO-ADV-53"]
[Site "http://www.queenalice.com/game.php?id=18902"]
[Date "2005.7.9"]
[Round "1"]
[White "SGrillo"]
[Black "EmiChess"]
[Result "1-0"]
[WhiteElo "1536"]
[BlackElo "2021"]

1. e4 c6 2. d4 d5 3. e5 Bf5 4. Bd3 Bxd3 5. Qxd3 e6 6. Nf3 c5 7. Nc3 Nc6 8. Be3
cxd4 9. Bxd4 Nge7 10. O-O Ng6 11. g3 Be7 12. Rfe1 O-O 13. a3 Rc8 14. Nb5 a6 15.
Nc3 Qc7 16. Ne2 Ncxe5 17. Bxe5 Nxe5 18. Nxe5 Qxe5 19. Nd4 Qf6 20. c3 e5 21. Nf5
Bc5 22. Ne3 Qb6 23. Rab1 Rfd8 24. Kg2 Bxe3 25. Qxe3 Qxe3 26. Rxe3 f6 27. Rd3 Kf7
28. Rbd1 Ke6 29. f4 g5 30. fxe5 fxe5 31. Kf2 Rc4 32. Ke3 b5 33. b3 Rc7 34. h3 e4
35. Rd4 Rxc3+ 36. Kf2 Ke5 37. a4 Rxb3 38. axb5 axb5 39. Kg2 Rb2+ 40. R1d2 1-0

[Event "AUTO-ADV-53"]
[Site "http://www.queenalice.com/game.php?id=18903"]
[Date "2005.7.9"]
[Round "1"]
[White "EmiChess"]
[Black "Catamarca"]
[Result "1-0"]
[WhiteElo "1930"]
[BlackElo "1235"]

1. e4 e5 2. Nc3 Nf6 3. g3 Bb4 4. Bg2 Bxc3 5. bxc3 O-O 6. Ne2 d5 7. exd5 Nxd5 8.
O-O c6 9. c4 Nf6 10. d3 Bg4 11. Rb1 Qc7 12. h3 Bh5 13. f4 Re8 14. g4 Nxg4 15.
hxg4 Bxg4 16. f5 Nd7 17. Qe1 h5 18. Nc3 Nf6 19. Bg5 Qd6 20. Bxf6 Qxf6 21. Rxb7
Bxf5 22. Rc7 1-0

[Event "AUTO-ADV-53"]
[Site "http://www.queenalice.com/game.php?id=18904"]
[Date "2005.7.9"]
[Round "1"]
[White "Catamarca"]
[Black "EmiChess"]
[Result "0-1"]
[WhiteElo "1235"]
[BlackElo "1930"]

1. d4 d5 2. Bf4 Nf6 3. e3 Bf5 4. Nf3 e6 5. a3 Nbd7 6. Bd3 Bxd3 7. Qxd3 c5 8. O-O
c4 9. Qd1 Be7 10. b3 Rc8 11. b4 O-O 12. c3 Nh5 13. Bg3 Nxg3 14. fxg3 Bd6 15.
Nbd2 f5 16. Rf2 Nf6 17. Qe2 Qd7 18. Ne5 Bxe5 19. dxe5 Ng4 20. Rff1 g5 21. h3
Nxe5 0-1

[Event "Argentinisimo Champion"]
[Site "http://www.queenalice.com/game.php?id=22435"]
[Date "2005.8.3"]
[Round "-"]
[White "EmiChess"]
[Black "Pentotal"]
[Result "0-1"]
[WhiteElo "1944"]
[BlackElo "2020"]

1. e4 e5 2. Nf3 Nf6 3. Nxe5 d6 4. Nf3 Nxe4 5. d4 d5 6. Bd3 Bd6 7. O-O O-O 8. c4
c6 9. Nc3 Nxc3 10. bxc3 dxc4 11. Bxc4 Bg4 12. Qd3 Nd7 13. Ng5 Nf6 14. h3 Bd7 15.
Bd2 Qc8 16. Qb1 h6 17. Ne4 Nxe4 18. Qxe4 Re8 19. Qf3 Bf5 20. Rfe1 Qd7 21. Bd3
Bxd3 22. Rxe8+ Rxe8 23. Qxd3 Re6 0-1

[Event "AUTO-MASTER-34"]
[Site "http://www.queenalice.com/game.php?id=26537"]
[Date "2005.8.30"]
[Round "1"]
[White "mza"]
[Black "EmiChess"]
[Result "1-0"]
[WhiteElo "1586"]
[BlackElo "2021"]

1. e4 e5 2. Bc4 Nf6 3. d3 Nc6 4. Nf3 Bc5 5. O-O d6 6. Ng5 O-O 7. Nc3 Bg4 8. Ne2
d5 9. exd5 Nd4 10. f3 Nxc2+ 11. d4 exd4 12. Qxc2 d3+ 13. Kh1 1-0

[Event "AUTO-MASTER-34"]
[Site "http://www.queenalice.com/game.php?id=26538"]
[Date "2005.8.30"]
[Round "1"]
[White "EmiChess"]
[Black "mza"]
[Result "0-1"]
[WhiteElo "2021"]
[BlackElo "1556"]

1. Nf3 e6 2. d4 d5 3. Bf4 Nf6 4. e3 Be7 5. Bd3 Ne4 6. O-O O-O 7. Nbd2 Nxd2 8.
Nxd2 Nc6 9. c4 Nb4 10. Be2 dxc4 11. Nxc4 Nd5 0-1

[Event "AUTO-MASTER-34"]
[Site "http://www.queenalice.com/game.php?id=26549"]
[Date "2005.8.30"]
[Round "1"]
[White "BogusBogart"]
[Black "EmiChess"]
[Result "1-0"]
[WhiteElo "1980"]
[BlackElo "1960"]

1. e4 c6 2. d4 d5 3. Nc3 dxe4 4. Nxe4 Nd7 5. Bc4 Ngf6 6. Ng5 e6 7. Qe2 Nb6 8.
Bb3 h6 9. N5f3 c5 10. Be3 Qc7 11. dxc5 Bxc5 12. Qb5+ Nfd7 13. Qd3 1-0

[Event "AUTO-MASTER-34"]
[Site "http://www.queenalice.com/game.php?id=26550"]
[Date "2005.8.30"]
[Round "1"]
[White "EmiChess"]
[Black "BogusBogart"]
[Result "0-1"]
[WhiteElo "1973"]
[BlackElo "1960"]

1. e4 e5 2. Nc3 Nf6 3. g3 Bc5 4. Bg2 d6 5. Nf3 Nc6 6. d3 a6 7. O-O O-O 8. Be3
Nd4 9. Bxd4 exd4 10. Ne2 Bg4 11. Qd2 Bxf3 0-1

[Event "AUTO-MASTER-34"]
[Site "http://www.queenalice.com/game.php?id=26555"]
[Date "2005.8.30"]
[Round "1"]
[White "razoman"]
[Black "EmiChess"]
[Result "1-0"]
[WhiteElo "1934"]
[BlackElo "2021"]

1. e4 c5 2. Nf3 d6 3. Bc4 Nf6 4. d3 Nc6 5. c3 a6 6. a4 Bg4 7. O-O e6 8. h3 Bxf3
9. Qxf3 Ne5 10. Qe2 Be7 11. Bb3 O-O 12. d4 cxd4 13. cxd4 Nc6 14. Be3 1-0

[Event "AUTO-MASTER-34"]
[Site "http://www.queenalice.com/game.php?id=26556"]
[Date "2005.8.30"]
[Round "1"]
[White "EmiChess"]
[Black "razoman"]
[Result "0-1"]
[WhiteElo "1996"]
[BlackElo "1953"]

1. d4 d5 2. c4 e6 3. Nc3 Nf6 4. Bg5 Be7 5. cxd5 Nxd5 6. Bxe7 Nxe7 7. Nf3 Nd7 8.
e4 Nf6 9. Bc4 O-O 10. O-O a6 11. a4 b6 12. Qe2 Bb7 13. Rad1 Ng6 0-1